| 000 | 005260000a22001810004500 | ||
|---|---|---|---|
| 003 | MACL | ||
| 005 | 20160207112046.0 | ||
| 008 | 160207b xxu||||| |||| 00| 0 eng d | ||
| 040 |
_aMACL _cMACL |
||
| 041 | _aHindi | ||
| 082 | _a294 | ||
| 100 |
_aब्रहम्चारी श्रीप्रभुदत्त _937212 |
||
| 245 | _aश्रीराघवेन्दु-चरित | ||
| 260 | _bसकीर्तन भवन | ||
| 350 | _a1 | ||
| 650 |
_aReligion _937213 |
||
| 942 |
_cHIN _k294 _2ddc |
||
| 999 |
_c26314 _d26314 |
||